000 00550nam a22001817a 4500
005 20251108170026.0
008 250721s1987 xx 000 0 ara d
082 1 4 _aق/مخت
100 1 _aالأطرش، إيفلين
_eترجمة
245 1 0 _aمختارات من القصة الكوبيه الحديثة /
264 1 _aعمان :
_bدار منارات،
_c1987.
300 _a148ص
490 0 _aمنارات قصصيه ؛1
650 1 7 _aالأدب العربي
650 1 7 _aالقصص العربيه
942 _2ddc
_cBK
999 _c37756
_d37756